书目信息 |
| 题名: |
3ds max 6 建筑与环境效果图艺术表现
|
|
| 作者: | 朱仁成 , 王开美 , 王翔宇 编著 | |
| 分册: | ||
| 出版信息: | 北京 电子工业出版社 2004.07 |
|
| 页数: | 372页, [16] 页图版 | |
| 开本: | 28cm | |
| 丛书名: | ||
| 单 册: | ||
| 中图分类: | TU201.4 | |
| 科图分类: | ||
| 主题词: | 建筑设计--jian zhu she ji--计算机辅助设计--应用软件 | |
| 电子资源: | ||
| ISBN: | 7-121-00084-9 | |
| 000 | 01123nam0 2200253 450 | |
| 001 | 010237322635 | |
| 005 | 20091124092102.46 | |
| 010 | @a7-121-00084-9@dCNY62.00 (含光盘) | |
| 100 | @a20060120d2004 km y0chiy0121 ea | |
| 101 | 0 | @achi |
| 102 | @aCN@b110000 | |
| 105 | @aaf z 000yy | |
| 200 | 1 | @a3ds max 6 建筑与环境效果图艺术表现@A3ds max 6 jian zhu yu huan jing xiao guo tu yi shu biao xian@f朱仁成, 王开美, 王翔宇等编著@Fzhu ren cheng,wang kai mei,wang xiang yu deng bian zhu |
| 210 | @a北京@c电子工业出版社@d2004.07 | |
| 215 | @a372页, [16] 页图版@c图 (部分彩图)@d28cm@e光盘2片 | |
| 307 | @a光盘 ISBN: 7-89496-423-9 | |
| 330 | @a本书以实例为先导,以StepByStep的方式讲授了室外建筑效果的制作流程与实践经验,内容包括建筑效果图基础、简单模型的创建、中心广场效果图、现代办公建筑效果图、图书馆效果图、小区绿化效果图、会所效果图等。 | |
| 606 | 0 | @a建筑设计@Ajian zhu she ji@x计算机辅助设计@x应用软件 |
| 690 | @aTU201.4@v4 | |
| 701 | 0 | @a朱仁成@Azhu ren cheng@4编著 |
| 701 | 0 | @a王开美@Awang kai mei@4编著 |
| 701 | 0 | @a王翔宇@Awang xiang yu@4编著 |
| 801 | 0 | @aCN@bQSSK@c20091124 |
| 905 | @a10447@dTU201.4@eZ8601 | |
| 3ds max 6 建筑与环境效果图艺术表现/朱仁成, 王开美, 王翔宇等编著.-北京:电子工业出版社,2004.07 |
| 372页, [16] 页图版:图 (部分彩图);28cm+光盘2片 |
| ISBN 7-121-00084-9:CNY62.00 (含光盘) |
| 本书以实例为先导,以StepByStep的方式讲授了室外建筑效果的制作流程与实践经验,内容包括建筑效果图基础、简单模型的创建、中心广场效果图、现代办公建筑效果图、图书馆效果图、小区绿化效果图、会所效果图等。 |
| ● |
| 相关链接 |
|
|
|
正题名:3ds max 6 建筑与环境效果图艺术表现
索取号:TU201.4/Z8601
 
预约/预借
| 序号 | 登录号 | 条形码 | 馆藏地/架位号 | 状态 | 备注 |
| 1 | 552827 | 205528277 | 建筑库101/101建筑库 37排2列1层/ [索取号:TU201.4/Z8601] | 在馆 | |
| 2 | 552828 | 205528286 | 建筑库101/101建筑库 37排2列1层/ [索取号:TU201.4/Z8601] | 在馆 | |
| 3 | 552829 | 205528295 | 建筑库101/101建筑库 37排2列1层/ [索取号:TU201.4/Z8601] | 在馆 |